A narrative of Arctic discovery, from the earliest period to the present time. With the details of the measures adopted by Her Majesty's Government for the relief of the expedition under Sir John Franklin
Saved in:
| Hovedforfatter: | |
|---|---|
| Format: | Bog |
| Sprog: | engelsk |
| Udgivet: |
Londres
William Shoberl, Publisher. 20 Great Malborough street
1850
|
| Udgivelse: | 1a. ed |
| Fag: | |
| Tags: |
Tilføj Tag
Ingen Tags, Vær først til at tagge denne postø!
|
MARC
| LEADER | 00000nam a2200000 a 4500 | ||
|---|---|---|---|
| 001 | UCJ4534 | ||
| 003 | CL-VaPUC | ||
| 008 | 070124e18500000UK |||||||||||||||||eng|d | ||
| 082 | 0 | 4 | |a 910.4 |b SHI |2 21 |
| 100 | 0 | |a Shillinglaw, John J. |e author |9 508475 | |
| 245 | 1 | 2 | |a A narrative of Arctic discovery, from the earliest period to the present time. With the details of the measures adopted by Her Majesty's Government for the relief of the expedition under Sir John Franklin |
| 250 | |a 1a. ed | ||
| 300 | |a xx, 348 p | ||
| 942 | |c BK | ||
| 945 | |d 20070124 00:00:00 |a rinostro | ||
| 260 | |a Londres |b William Shoberl, Publisher. 20 Great Malborough street |c 1850 | ||
| 500 | |a Front., retrato de Sir John Franklin; 2 mapas de las regiones árticas; relación de barcos y oficiales comisionados al Artico entre 1818 y 1850 | ||
| 600 | 0 | 7 | |a ERIK EL ROJO |2 CL-VaPUC |9 508476 |
| 600 | 0 | 7 | |a CABOTO, JUAN |2 CL-VaPUC |9 505799 |
| 600 | 0 | 7 | |a CARTIER, JACQUES |2 CL-VaPUC |9 505800 |
| 600 | 0 | 7 | |a RALEIGH, WALTER |2 CL-VaPUC |9 443784 |
| 600 | 0 | 7 | |a BUTTON, THOMAS |2 CL-VaPUC |9 505823 |
| 600 | 0 | 7 | |a FRANKLIN, JOHN |2 CL-VaPUC |9 508477 |
| 600 | 0 | 7 | |a PARRY, EDWARD |2 CL-VaPUC |9 505560 |
| 650 | 0 | |a Viajes |9 257115 | |
| 650 | 0 | |a Descubrimientos geográficos |9 331933 | |
| 650 | 0 | |a Expediciones científicas |9 265222 | |
| 650 | 7 | |a NAVEGANTES |2 CL-VaPUC |9 450740 | |
| 650 | 0 | |a Historia |9 255047 | |
| 650 | 7 | |a ESQUIMALES |2 CL-VaPUC |9 441373 | |
| 650 | 0 | |a Veleros |9 324430 | |
| 650 | 7 | |a LENGUA ESQUIMAL |2 CL-VaPUC |9 505708 | |
| 650 | 0 | |a Iconografía |9 267998 | |
| 650 | 0 | |a Mapas |9 260844 | |
| 651 | 7 | |a REGION ARTICA |2 CL-VaPUC |9 366377 | |
| 651 | 7 | |a ISLANDIA |2 CL-VaPUC |9 377902 | |
| 651 | 7 | |a GROENLANDIA |2 CL-VaPUC |9 393402 | |
| 583 | |a last modification |c 20130628 04:25:37 |k Rodrigo Vera | ||
| 999 | |c 320650 |d 320648 | ||
| 952 | |0 0 |1 0 |4 0 |6 910_400000000000000_SHI_1850 |7 0 |8 X |9 399207 |a FDOBUD |b FDOBUD |d 2019-11-22 |i 1020439 |o 910.4 SHI 1850 |p 1020439 |r 2019-11-22 |w 2019-11-22 |y BK_X |k BUD | ||